Name a Valid Country Containing A-Z - 15 Second Sprint - Statistics

General Stats
  • This quiz has been taken 126 times
    125 since last reset
  • The average score is 19 of 26
Answer Stats
Letter # Answer % Correct
A 166
100%
N 115
100%
E 87
98%
I 119
98%
R 93
96%
T 69
96%
B 46
94%
O 65
92%
D 50
90%
M 53
90%
G 45
88%
L 64
88%
U 60
88%
C 39
85%
H 32
81%
S 70
75%
P 24
69%
F 10
65%
Z 15
65%
K 19
58%
Q 4
54%
J 7
50%
Y 20
48%
V 17
35%
X 2
25%
W 11
21%
No matching quizzes found
Score Distribution
Percent of People with Each Score
Percentile by Number Answered
Your Score History
You have not taken this quiz since the last reset